Представление документа в формате RUSMARC

ПолеНазваниеЗначение
  Тип записи a
  Библиографический уровень m
001 Контрольный номер RU/ГПНТБ России/EK/88.41/Ч-44-213468751
005 Дата корректировки 20260115105721.5
010 Индекс ISBN __
a ISBN 978-5-222-38989-8
b Уточнения в пер.
9 Тираж 3000
d Цена 838-67
100 Данные общей обработки __
a Данные общей обработки 20251215d2024 mm y0rusy0289 ca
101 Язык документа 0_
a Язык текста rus
102 Страна публикации __
a Страна публикации RU
105 Кодированные данные (монография) __
a Кодированные данные (монография) a z 000yy
200 Заглавие и сведения об ответственности 1_
a Заглавие Раздельно, но не врозь. Сепарация: спокойно и бережно
e Сведения, относящиеся к заглавию как выстроить новые отношения
f Первые сведения об ответственности Елена Чепцова
210 Выходные данные 1_
a Место издания Ростов-на-Дону
c Издательство Феникс
d Дата издания 2024
215 Физическое описание __
a Объем 120 с.
c Иллюстрации/тип воспроизводства цв. ил.
d Формат 25 см
225 Серия (Журнальная рубрика) 2_
a Серия (Журнальная рубрика) Исцеляющая психология
320 Библиография __
a Библиография Библиография: с. 119-120
320 Библиография __
a Библиография Об авторе: 4-я с. обложки
330 Аннотация __
a Аннотация Автор в доступной форме, но полагаясь исключительно на научные данные описывает подводные камни взросления и безболезненного отделения от родителей, которое естественным путем должно произойти в юношеском возрасте, но в некоторых случаях может сильно затянуться и случиться уже в зрелости.
333 Примечание о целевом назначении __
a Примечание о целевом назначении 16+
516 Заглавие на корешке 1_
a Заглавие на корешке Сепарация: спокойно и бережно
517 Другие варианты заглавия 1_
a Другие варианты заглавия Сепарация: спокойно и бережно
606 Тематические рубрики __
a Основная рубрика Психология
606 Тематические рубрики __
a Основная рубрика Психология социальных институтов
610 Ключевые слова 1_
a Ключевые слова популярная психология
a Ключевые слова семейные отношения
a Ключевые слова личные границы
a Ключевые слова взросление
a Ключевые слова советы родителям
a Ключевые слова подростковый возраст
a Ключевые слова подростковые кризисы
a Ключевые слова проблемы взросления
a Ключевые слова дети и родители
a Ключевые слова психологические тесты
a Ключевые слова отношения с родителями
a Ключевые слова взаимоотношения в семье
a Ключевые слова детско-родительские отношения
686 Индексы других классификаций __
2 Код системы rubbk
a Индекс ББК 88.57
700 Автор _1
a Фамилия Чепцова
b Имя Е. В.
g Полное личное имя Елена Васильевна
4 Код отношения 070
801 Источник записи _0
b Организация ГПНТБ России
a Страна RU
c Дата составления 20251215
801 Источник записи _1
b Организация ГПНТБ России
a Страна RU
c Дата составления 20251215
801 Источник записи _2
a Страна RU
b Организация Центральная районная библиотека им. Г. А. Пирожникова
c Дата составления 20251217
g Правила каталогизации bzbo
852 Данные о местонахождении __
j Шифр хранения 88.57
i Авторский знак Ч-447
901 Тип документа __
t Тип документа m
902 Роль лиц __
b Редактор БЗ ОКиО/Шумских